000
00304nam a22001337a 4500
008
181220b xxu||||| |||| 00| 0 eng d
020
_a
9780393703016
041
_a
eng
080
_2
3rd
_a
615
100
_a
5
101
_a
FAR
245
_a
Psychotropic Drugs Fast Facts
_c
Maxmen,J.S
942
_2
udc
_c
BK
999
_c
53545
_d
53545